How to Bea Successful Leader / (Record no. 185713)

000 -LEADER
fixed length control field 00793 a2200193 4500
003 - CONTROL NUMBER IDENTIFIER
control field Nust
005 - DATE AND TIME OF LATEST TRANSACTION
control field 20230119115409.0
020 ## - INTERNATIONAL STANDARD BOOK NUMBER
International Standard Book Number 818501969X
040 ## - CATALOGING SOURCE
Transcribing agency Nust
082 ## - DEWEY DECIMAL CLASSIFICATION NUMBER
Classification number 355.33041,CHI
100 ## - MAIN ENTRY--PERSONAL NAME
Personal name Chibber, Lt Gen Dr M L
9 (RLIN) 107067
245 ## - TITLE STATEMENT
Title How to Bea Successful Leader /
Statement of responsibility, etc. Lt Gen Dr M L Chibber
260 ## - PUBLICATION, DISTRIBUTION, ETC.
Place of publication, distribution, etc. Pakistan
Name of publisher, distributor, etc. Army Edu Press
Date of publication, distribution, etc. 1998
300 ## - PHYSICAL DESCRIPTION
Extent xix,195,p.;
505 ## - FORMATTED CONTENTS NOTE
Formatted contents note Foundation of Military Leadership and its Basic Structure (Page-1), Knowledge the Source of Knowing What to Do (Page-9), The Art of Handling man The Instrument which Executes All Actions (Page-21), Courage Will Power and Initiative the Source of Strength to Get Things Done (Page-33).
600 ## - SUBJECT ADDED ENTRY--PERSONAL NAME
Personal name M L Chibber
9 (RLIN) 107068
650 ## - SUBJECT ADDED ENTRY--TOPICAL TERM
Topical term or geographic name entry element Successful Leader
9 (RLIN) 107069
942 ## - ADDED ENTRY ELEMENTS (KOHA)
Source of classification or shelving scheme
Koha item type Book
Call number prefix 355.33041,CHI
Holdings
Withdrawn status Lost status Source of classification or shelving scheme Damaged status Not for loan Permanent Location Current Location Shelving location Date acquired Full call number Barcode Date last seen Price effective from Koha item type Public note Total Checkouts Date last checked out
          Military College of Signals (MCS) Military College of Signals (MCS) General Stacks 12/12/2016 355.33041,CHI MCS27695 12/08/2016 12/12/2016 Book Almirah No.53, Shelf No.2    
          Military College of Signals (MCS) Military College of Signals (MCS) General Stacks 12/12/2016 355.33041,CHI MCS27696 03/07/2023 12/12/2016 Book Almirah No.53, Shelf No.2 1 02/13/2023
          Military College of Signals (MCS) Military College of Signals (MCS) General Stacks 12/12/2016 355.33041,CHI MCS27697 12/08/2016 12/12/2016 Book Almirah No.74, Shelf No.1    
          Military College of Signals (MCS) Military College of Signals (MCS) General Stacks 12/12/2016 355.33041,CHI MCS27698 12/08/2016 12/12/2016 Book Almirah No.74, Shelf No.1    
© 2023 Central Library, National University of Sciences and Technology. All Rights Reserved.